| 000 | 00911nam a2200253 i 4500 | ||
|---|---|---|---|
| 001 | 101334 | ||
| 003 | ES-MaACL | ||
| 005 | 20250829062546.0 | ||
| 007 | t| | ||
| 008 | 051017s1957 sp ||||1| spa d | ||
| 100 | 1 |
_aMaurois, André, _d1885-1967 _979267 |
|
| 245 | 1 | 0 |
_aMemorias completas del Coronel Bramble y del Dr. O'Grady / _cAndré Maurois, [seud.] de Emile Herzog. |
| 260 |
_aBarcelona : _bAHR, _c1957. |
||
| 300 |
_a642 p. ; _c19 cm. |
||
| 490 | 1 | _aPigmalión | |
| 505 | 8 | _aContiene: Los silencios del Coronel Bramble.-- Las paradojas del Dr. O'Grady.-- En busca de Bramble.-- Nuevas paradojas del Dr. O'Grady | |
| 740 | 4 | _aLos silencios del Coronel Bramble. | |
| 740 | 4 | _aLas paradojas del Dr. O'Grady. | |
| 740 | 0 | _aEn busca de Bramble. | |
| 740 | 0 | _aNuevas paradojas del Dr. O'Grady. | |
| 830 | 0 |
_aPigmalión _9182328 |
|
| 852 |
_aES-MaACL _jC-13920 _bR.41835 |
||
| 999 |
_c101334 _d101334 |
||